000 01367nam a22002537a 4500
005 20251027093538.0
008 251027t2025 xxk|||||o|||| 00| 0 eng d
020 _a9781783215621
041 _aeng
100 _aRubinsohn, Simon
110 _aRoyal Institution of Chartered Surveyors
245 _aSurveying skills report 2025
_bheadline survey results and next steps
_h[Electronic resource]
260 _aLondon,
_bRoyal Institution of Chartered Surveyors,
_cOctober 2025
300 _a21p.
490 _aRICS Report
520 _aBased on a survey of our global membership, the RICS Surveying skills report is the first of its kind, providing an in-depth exploration of skills shortages in surveying. It uncovers the reality of the skills gap right now and, in an industry that is ever evolving and working at pace to meet demanding targets in housing and decarbonisation, identifies the developing needs of future surveyors. The findings are clear: current initiatives on skills, though valuable, are not working fast enough.
650 _aSURVEYING PROFESSION
651 _aInternational
700 _aRubinsohn, Simon
700 _aBrown, Nell
710 _aRoyal Institution of Chartered Surveyors
856 _uhttps://www.rics.org/content/dam/ricsglobal/documents/reports/Surveying-skills-report-2025.pdf
_zAvailable on RICS.org
942 _n0
999 _c122221
_d122221